金山ㄨˇㄍㄠˋㄏㄜˋ : 清水溼地小白鶴的故事

資料類型: Book 圖書   書目號:51727

Leader xxxxxxxxxx
001 __ 102496/0/01
005 __ 20171120175619.261
010 0_ |a9789869220408|b精裝|d新臺幣480元
042 __ |anbic
100 __ |a20171120d2015    a  y0chiy50      b
101 0_ |achi
102 __ |atw
105 __ |aab      000yy
200 1_ |a金山ㄨˇㄍㄠˋㄏㄜˋ|e清水溼地小白鶴的故事|f邱銘源,胡妙芬文|g程一心圖
205 __ |a第一版
210 __ |a新北市|c臺灣生態工法發展基金會|d2015[民104]
215 0_ |a1冊|c彩圖,彩色地圖|d22 x 31公分
225 12 |a生態臺灣|v1
300 __ |a主要內容國語注音
517 1_ |a清水溼地小白鶴的故事|zchi
681 __ |a859.4|b8762
700 _1 |a|b銘源|c(園藝學),|f1966-
702 _1 |a|b妙芬|c(動物學)
702 _1 |a|b一心|c(繪畫)
801 _0 |atw|bLibDipper|c20171120|gCCR
詳細館藏(共 1 筆)
索 書 號登 錄 號冊次號館別 / 館藏地流通類型狀態加入預約清單電子資源
859.4 / 8762 1024960  圖書館 / 二樓繪本專區 可外借30天 在館   

| 條列資料




目錄查詢 分類查詢 個人資料 圖書薦購 新書查詢 閉館日 排行榜 更多電子資源 Hami書城 線上資料庫 登出

From : 216.73.216.116

  本日流通累計至 01:15:52 借閱 : 0 次 續借 : 0 次 歸還 : 0 次 預約 : 0 次 電子資源 : 0 次


內湖高中圖書館  PCLIS 版本  25.5.0.2